000 00972cam a2200289 a 4500
001 634057
003 OSt
005 20241114111506.0
008 930526s1994 nyua b 001 0 eng c
010 _a 93014568
020 _a0412046911
040 _aDNLM/DLC
_cDLC
_dDLC
050 0 0 _aQM551
_b.F34 1994
060 0 0 _aQS 504 F278b 1993
082 0 0 _aQS 504 F281t 1994
_220
100 1 _aFawcett, Don W.; Bloom, William; Raviola, Elio
_91241
245 1 2 _aA Textbook of Histology
250 _a12th ed.
260 _aNew York;
_bChapman & Hall,
_cc1994.
300 _axx, 964 p. :
_bill. (some col.) ;
_c27 cm.
504 _aIncludes bibliographical references and index.
650 0 _aHistology.
_9194
740 0 _aBloom and Fawcett, a textbook of histology.
906 _a7
_bcbc
_corignew
_d1
_eocip
_f19
_gy-gencatlg
942 _2z
_cSLOAN
999 _c487
_d487